=LDR 00000nam 2200000 4500 =001 INLIS000000000033324 =005 20130612135303 =008 ***********************************ind** =035 ##$$0010-061300000033324 =041 ##$$a ind =082 ##$$a 350 =090 ##$$a 350, sya,p =100 ##$$a Syafiie,Inu Kencana H =245 ##$$a Pengantar Ilmu Pemerintah, H.Inu Kencana Syafiie;Editor,Aep Gunarsa =260 ##$$a 2009 $b Bandung =300 ##$$a xi,155 hlm., 23 cm =650 ##$$a Administrasi Negara =700 ##$$a Gunarsa,Aep =850 ##$$a NBPNMAT